| 000 | 01012cam a22003257a 4500 | ||
|---|---|---|---|
| 003 | CHAP | ||
| 005 | 20220817042137.0 | ||
| 008 | 971013s1982 r 00010 d | ||
| 010 | _a35970 | ||
| 011 | _a36942 | ||
| 035 | _a41061 | ||
| 040 | _cCHAP | ||
| 082 |
_a581.632 _bF3 |
||
| 110 | _aFAO | ||
| 245 | 1 | 3 | _aEl cultivo y la utilización del tarwi Lupinus mutabilis sweet |
| 260 |
_aRoma : _bFAO, _c1982 |
||
| 300 |
_a236 p. _b: ilus. |
||
| 490 | 0 |
_aFAO. Producción y protección vegetal _v; 36m |
|
| 590 |
_aBATCH-UPD _b10 _c20130110 _lUCH01 _h1443 |
||
| 590 |
_aBATCH-UPD _b10 _c20130410 _lUCH01 _h0914 |
||
| 590 |
_aBATCH-UPD _b10 _c20130914 _lUCH01 _h1428 |
||
| 590 |
_aCONVERSION _b10 _c20130109 _lUCH01 _h1320 |
||
| 650 | 1 | 4 |
_aLupinus. _969168 |
| 650 | 1 | 4 |
_aPlantas comestibles. _988906 |
| 700 | 0 |
_aGross, Rainer. _950803 |
|
| 830 | 0 |
_aFAO. Producción y protección vegetal _v; 36m _939654 |
|
| 901 | _aBK | ||
| 942 | _cLIBRO | ||
| 949 |
_a581.632 F3 _bBC _cFAO _d33724000959110 _eFAO1 _h59482 _i41061 _mD _si |
||
| 999 |
_c35970 _d35970 |
||